• 首页
  • 本馆介绍
  • 公告通知
  • 最新文献
  • 馆藏检索
  • 电子资源
  • 读者导购
  • 参考咨询
  • 我的图书馆
  • 登录
  • 详细信息显示
  • 放入我的书架
  • 预约/预借图书
  • 作者相关作品
  • 分类相关作品
  • 丛书相关作品
  • 出版社相关作品

书目信息

  • 表格格式
  • 工作单格式
  • 卡片格式
题名:
乳品生产基础知识
    
 
作者: 吴亦侠
分册:  
出版信息:   农业出版社  1997. 3
页数: 331页
开本: 32开
丛书名:
单 册:
中图分类: TS252.1
科图分类:
主题词: 食品工业
电子资源:
ISBN: 7-109-04567-6
000 00520nam0 2200193 45
001 0308271083
005 20030827105648.2
010    @a7-109-04567-6@dRMB17.10
100    @a20030827d1997 km y0chiy0120 ea
101    @achi
105    @a z 000yy
200 1  @a乳品生产基础知识@Aru pin sheng chan ji chu zhi shi@f吴亦侠@Fwu yi xia
210    @c农业出版社@d1997. 3
215    @a331页@c无图表@d32开
606 0  @a食品工业
690    @aTS252.1@v3
701  0 @a吴亦侠
801    @aCN@b@c20030827
905    @aBZT@dTS252.1@e84
    
    乳品生产基础知识/吴亦侠.-农业出版社,1997. 3
    331页:无图表;32开
    
    
    ISBN 7-109-04567-6:RMB17.10
    
●
相关链接 在五车中查询图书 在当当中查询图书 在豆瓣中查询图书


正题名:乳品生产基础知识     索取号:TS252.1/84         预约/预借

序号 登录号 条形码 馆藏地/架位号 状态 备注
1 074952   200301574   中心书库中库/ 中库025架A面5列2层33/ [索取号:TS252.1/84] 在馆    
2 074953   200301397   中心书库中库/ 中库025架A面5列2层31/ [索取号:TS252.1/84] 在馆    
3 074954   200301583   中心书库中库/ 中库025架A面5列2层32/ [索取号:TS252.1/84] 在馆    
4 074955   200301627   中心书库中库/ 中库025架A面5列2层30/ [索取号:TS252.1/84] 在馆    
5 074956   200301556   中心书库中库/ 中库025架A面5列2层7/ [索取号:TS252.1/84] 在馆    
6 074957   200301609   中心书库中库/ 中库025架A面5列2层1/ [索取号:TS252.1/84] 在馆    
7 074958   200301538   中心书库中库/ 中库025架A面5列2层34/ [索取号:TS252.1/84] 在馆    
8 074959   200301663   中心书库中库/ 中库025架A面5列2层9/ [索取号:TS252.1/84] 在馆    
9 074960   200301510   中心书库中库/ 中库025架A面5列2层8/ [索取号:TS252.1/84] 在馆    
10 074961   200301413   中心书库中库/ 中库025架A面5列2层2/ [索取号:TS252.1/84] 在馆    
11 074962   200301645   中心书库中库/ 中库025架A面5列2层3/ [索取号:TS252.1/84] 在馆    
12 074963   200301495   中心书库中库/ 中库025架A面5列2层4/ [索取号:TS252.1/84] 在馆    
13 074964   200301459   中心书库中库/ 中库025架A面5列2层5/ [索取号:TS252.1/84] 在馆    
14 074965   200301477   中心书库中库/ 中库025架A面5列2层35/ [索取号:TS252.1/84] 在馆    
15 074966   200301431   中心书库中库/ 中库025架A面5列2层6/ [索取号:TS252.1/84] 在馆    
山东省滨州职业学院图书馆 欢迎您!
大连网信软件有限公司© 版权所有